logo

Bir Sreshtho Munshi Abdur Rouf Library
Jhenaidah Cadet College

গাছমানব / (Record no. 12091)

MARC details
000 -LEADER
fixed length control field 00645nam a2200229 a 4500
001 - CONTROL NUMBER
JCCL Control Number 12091
003 - CONTROL NUMBER IDENTIFIER
JCCL marc code BD-JhCC
005 - DATE AND TIME OF LATEST TRANSACTION
control field 20210314121258.0
008 - FIXED-LENGTH DATA ELEMENTS--GENERAL INFORMATION
fixed length control field 171003s2015 bg |||| ||a| 000 0 ben d
020 ## - INTERNATIONAL STANDARD BOOK NUMBER
International Standard Book Number 9789849131113
035 ## - SYSTEM CONTROL NUMBER
system control number (BD-JhCC)12091
040 ## - CATALOGING SOURCE
Original cataloging agency BD-JhCC
Modifying agency BD-JhCC
041 ## - LANGUAGE CODE
Language code of Book bengali
082 ## - DEWEY DECIMAL CLASSIFICATION NUMBER
Classification number 891.3
Author mark and Year AHM 2015
100 ## - MAIN ENTRY--PERSONAL NAME
Personal name আহমেদ,ড.আনিস
245 ## - TITLE STATEMENT
Title গাছমানব /
Remainder of title ড.আনিস আহমেদ ।
260 ## - PUBLICATION, DISTRIBUTION, ETC. (IMPRINT)
Place of publication, distribution, etc ঢাকা:
Name of publisher, distributor, etc মুক্তচিন্তা;
Date of publication, distribution, etc ২০১৫.
300 ## - PHYSICAL DESCRIPTION
Pagination 88 p. :
Dimensions 22 cm.
650 ## - SUBJECT ADDED ENTRY--TOPICAL TERM
Topical term or geographic name as entry element Bengali fiction
942 ## - ADDED ENTRY ELEMENTS (KOHA)
Source of classification or shelving scheme Dewey Decimal Classification
Koha item type Books
Holdings
Source of classification or shelving scheme Damaged status Not for loan Home library Current library Shelving location Date of accession Source of acquisition Cost, normal purchase price Total Checkouts Full call number Barcode Date last seen Copy number Koha item type
Dewey Decimal Classification     JCC Rouf Library JCC Rouf Library General Stacks 03/14/2021 Lt. Gen. Mahfuzur Rahman (10th intake) 120.00   891.3 AHM 2015 16112 03/14/2021 C-1 Books

JCC Library | Contacts | JCC Home

Last Update on 23 September 2017
Copyright @ 2017-2020 JCC Rouf Library
Rouf Library, Jhenidah Cadet College (JCC), Bangladesh